New research in plant anatomy. (Record no. 22486)

MARC details
000 -LEADER
fixed length control field 00337nam a2200133Ia 4500
082 ## - DEWEY DECIMAL CLASSIFICATION NUMBER
Classification number 581.4:001.814
Item number ROB
245 #0 - TITLE STATEMENT
Title New research in plant anatomy.
260 ## - PUBLICATION, DISTRIBUTION, ETC. (IMPRINT)
Place of publication London
Name of publisher Academic
Year of publication 1970
650 ## - SUBJECT ADDED ENTRY--TOPICAL TERM
Topical Term Plant anatomy
650 ## - SUBJECT ADDED ENTRY--TOPICAL TERM
Topical Term Seed anatomy
700 ## - ADDED ENTRY--PERSONAL NAME
Personal name ROBSON, N K B
942 ## - ADDED ENTRY ELEMENTS (KOHA)
Koha item type Books
Holdings
Withdrawn status Lost status Damaged status Not for loan Home library Current library Date acquired Full call number Accession Number Koha item type
        RRII Library RRII Library 16/12/2021 581.4:001.814 ROB 03206 Books